000 00616nam a22002297a 4500
003 UA-OsUOA
001 25098
007 ta
008 20040315b un ||||| |||| 00| 0 ukr d
090 _a347.9(477)
_bП69
942 _cBK
040 _aUA-OsUOA
_bukr
_cUA-OsUOA
_dUA-OsUOA
245 _aПрактика судів України в цивільних справах
_bБюлетень
_cРед. В.С.Ковальський
300 _a304 с.
955 _a0
041 _aukr
080 _a347.9(477)
260 _aКиїв
_bЮрінком
_c1995
044 _aUA
650 7 _2UDC
999 _c311390
_d311390